=LDR 00000nam 2200000 4500 =001 INLIS000000000034972 =005 20251218091731 =035 ##$$a 0010-061300000034972 =008 251218###########################0#ind## =041 ##$$a ind =082 ##$$a 028.5 =090 ##$$a 028.5, Zul k =100 ##$$a Zulfikar, Muhammad Khalid =245 1#$$a Kenang-kenangan dari Bandung /$c Muhammad Khalid Zulfikar =260 ##$$a Bandung :$b Usaha Jaya Pratama,$c 2008 =300 ##$$a iv,128 hlm. : $b ilus ; $c 25 cm =650 #4$$a Bacaan Anak dan Remaja =850 ##$$a NBPNMAT =084 ##$$a 028.5 ZUL k =990 ##$$a 21011043 =990 ##$$a 21011043